| 000 | 00769nam a2200229 a 4500 | ||
|---|---|---|---|
| 001 | 60607 | ||
| 003 | BD-RjUL | ||
| 005 | 20211209080849.0 | ||
| 008 | 170101s1964 nyua b 000 0 eng d | ||
| 035 | _a(BD-RjUL)60731 | ||
| 040 |
_aDLC _cWSU _dOCL _dEQO _beng |
||
| 041 | _aeng | ||
| 082 |
_a379.110973 _bBUP 1964 |
||
| 100 | 1 |
_aBurkhead, Jesse. _9180531 |
|
| 245 | 1 | 0 |
_aPublic school finance : _beconomics and politics / _cWith chapters by Bertram M. Gross and Charles S. Benson |
| 260 |
_a[Syracuse, N.Y.] : _bSyracuse University Press, _c1964 |
||
| 300 |
_axii, 394 p. : _bill. ; _c24 cm |
||
| 504 | _aBibliographical references included in "Notes" (p. 369-381) | ||
| 650 | 0 |
_aEducation _zUnited States _xFinance _9180532 |
|
| 942 |
_2ddc _cBK |
||
| 999 |
_c60607 _d60607 |
||